Střet identit?

Vplyv teroristických útokov v USA na vzťahy medzi Európou a USA. Odlišné identity medzi Európou a USA ako zdroj nekompatibility. Dve tváre Atlantického spoločenstva po 11. septembri. Konštruktivizmus a bezpečnosť.

Gespeichert in:
Bibliographische Detailangaben
1. Verfasser: Šedivý, Jiří
Format: Buchkapitel
Sprache:Tschechisch
Schlagworte:
Tags: Tag hinzufügen
Keine Tags, Fügen Sie das erste Tag hinzu!

MARC

LEADER 00000naa a2200000 4500
001 r047217
005 20230927112701.7
041 0 |a cze 
044 |a CZ 
245 1 0 |a Střet identit?  |c Jiří Šedivý 
520 |a Vplyv teroristických útokov v USA na vzťahy medzi Európou a USA. Odlišné identity medzi Európou a USA ako zdroj nekompatibility. Dve tváre Atlantického spoločenstva po 11. septembri. Konštruktivizmus a bezpečnosť. 
610 2 0 |a politika medzinárodná 
610 2 0 |a identita 
610 2 0 |a USA 
610 2 0 |a Európa 
610 2 0 |a terorizmus 
610 2 0 |a nezávislosť 
610 2 0 |a bezpečnosť ekonomická 
100 1 |a Šedivý, Jiří